Easter's path to Pentecost. (Record no. 12248)

000 -LEADER
fixed length control field 00577nam a2200181 a 4500
001 - CONTROL NUMBER
control field :::00010050$&:&@@
003 - CONTROL NUMBER IDENTIFIER
control field OkBaRHE
005 - DATE AND TIME OF LATEST TRANSACTION
control field 20110427121153.0
008 - FIXED-LENGTH DATA ELEMENTS--GENERAL INFORMATION
fixed length control field s1937 j 000 0 eng u
040 ## - CATALOGING SOURCE
Transcribing agency
100 1# - MAIN ENTRY--PERSONAL NAME
Personal name Rees, Edward Jeffries.
245 10 - TITLE STATEMENT
Title Easter's path to Pentecost.
260 ## - PUBLICATION, DISTRIBUTION, ETC. (IMPRINT)
Place of publication, distribution, etc New York, NY., :
Name of publisher, distributor, etc Fleming H. Revell Co.
Date of publication, distribution, etc c1937
300 ## - PHYSICAL DESCRIPTION
Extent 160 p. ;
Dimensions 19 cm.
650 ## - SUBJECT ADDED ENTRY--TOPICAL TERM
Topical term or geographic name as entry element Lenten Sermons
942 ## - ADDED ENTRY ELEMENTS (KOHA)
Source of classification or shelving scheme
Koha item type Books
Copies
Lost status Not for loan Date acquired Current Location Withdrawn status Damaged status Koha item type Shelving location Date last seen Full call number Barcode Permanent Location Source of classification or shelving scheme Copy number Price effective from
  2010-04-14RHEMA Bible Training College  BooksGeneral Stacks2011-03-18BV 4277 .R4E1510050RHEMA Bible Training College 12010-04-14